Chronic illness and mental health : a personal journey /

Bibliographic Details
Main Author: Smith, Bert Kruger, 1915-
Corporate Author: Hogg Foundation for Mental Health
Format: Government Document Book
Language:English
Published: [Austin, Tex.] : Hogg Foundation for Mental Health, [1998]
Subjects:

MARC

Tag First Indicator Second Indicator Subfields
LEADER 00000cam a2200000 a 4500
001 in00001446310
005 20151020104823.0
008 980827s1998 txu b s000 0 eng d
035 |a (OCoLC)39756958 
035 |9 AJB3087AM 
040 |a IKM  |c IKM  |d TXA  |d UtOrBLW 
049 |a TXAM 
086 |a Z UA275.8 C468 1998  |2 txdocs 
090 |a RA790  |b .S65 1998 
100 1 |a Smith, Bert Kruger,  |d 1915- 
245 1 0 |a Chronic illness and mental health :  |b a personal journey /  |c by Bert Kruger Smith. 
264 1 |a [Austin, Tex.] :  |b Hogg Foundation for Mental Health,  |c [1998] 
264 4 |c ©1998 
300 |a 8 unnumbered pages ;  |c 23 cm. 
336 |a text  |b txt  |2 rdacontent 
337 |a unmediated  |b n  |2 rdamedia 
338 |a volume  |b nc  |2 rdacarrier 
504 |a Includes bibliographical references (page [8]). 
650 0 |a Mental illness. 
710 2 |a Hogg Foundation for Mental Health. 
948 |a c:blr 
999 |a MARS 
999 f f |s 5529a982-048c-38a0-981a-edb9be72d132  |i c53b8395-ae7d-3d4b-990a-715cf21fb97a  |t 0 
952 f f |p ric  |a Texas A&M University  |b Rellis Campus  |c Joint Library Facility  |d Remote Storage  |t 0  |e RA790 .S65 1998  |h Library of Congress classification  |i unmediated -- volume  |m A14823447472 
998 f f |a RA790 .S65 1998  |t 0  |l Remote Storage